000 00503cam a2200193ua 4500
001 11809
005 20260515114813.0
008 191109n xxk |||gr||||Z||||||eng
020 _a9780190938239
040 _cMAIN
041 _aeng
082 _a810
100 _aJames D Hart,
_eAuthor.
245 _aOxford companion to american literature
_cBy James D Hart
260 _aNew York:
_bOxford university press,
_c2018.
300 _a779p.
653 _aAmerican literature in English
942 _cBK
999 _c10592
_d10592